Statistics for Official Languages of Bolivia

Click here to take the quiz!

General Stats

  • This quiz has been taken 75 times
  • The average score is 5 of 37

Answer Stats

Language % Correct
Spanish
96%
Quechua
75%
Aymara
63%
Guaraní
49%
Castellano
14%
Tacana
14%
Chimán
13%
Mosetén
11%
Machajuyai-Kallawaya
11%
Bésiro
11%
Baure
11%
Araona
11%
Chipaya
10%
Leco
10%
Yuki
8%
Puquina
8%
Cayubaba
7%
Tapieté
7%
Sirionó
7%
Moré
7%
Movima
7%
Chácobo
7%
Maropa
7%
Itonama
7%
Yaminawa
6%
Cavineño
6%
Zamuco
6%
Yuracaré
6%
Ese Ejja
6%
Toromona
6%
Weenhayek
6%
Pacawara
6%
Guarayu
6%
Machineri
6%
Mojeño-Ignaciano
6%
Mojeño-Trinitario
6%
Guarasuawe
4%

Score Distribution

Percentile by Number Answered

Percent of People with Each Score

Your Score History

You have not taken this quiz